Storia e antologia della letteratura italiana per gli Istituti Tecnici Superiori industriali - commerciali - agrari - per geometri - nautici

Uloženo v:
Podrobná bibliografie
Hlavní autor: Pedrina, Francesco (Autor)
Médium: Kniha
Jazyk:italština
Vydáno: Milán Luigi Trevisini 1940
Vydání:17a. ed
Témata:
Tagy: Přidat tag
Žádné tagy, Buďte první, kdo vytvoří štítek k tomuto záznamu!

MARC

LEADER 00000cam a2200000 a 4500
001 UCF5783
003 CL-VaPUC
008 130322e19400000IT |||||||||||||||||ita|d
082 0 4 |a 850.9  |b PED  |2 21 
100 0 |a Pedrina, Francesco  |e author  |9 567728 
245 1 0 |a Storia e antologia della letteratura italiana per gli Istituti Tecnici Superiori industriali - commerciali - agrari - per geometri - nautici 
250 |a 17a. ed 
300 |a v 
942 |c BK 
945 |d 20130322 00:00:00  |a dcastane 
260 |a Milán  |b Luigi Trevisini  |c 1940 
500 |a v.2: dal Poliziano al Tasso 
650 0 |a Literatura italiana  |9 266970 
650 0 |a Crítica e interpretación literaria  |9 266284 
650 0 |a Filosofía de la literatura  |9 267374 
583 |a last modification  |c 20130322 12:27:00  |k Rodrigo Vera 
999 |c 351188  |d 351186 
952 |0 0  |1 0  |4 0  |6 850_900000000000000_PED_1940  |7 0  |8 P  |9 455157  |a BIBEDU  |b BIBEDU  |c BIBEDU_PB  |d 2019-11-22  |h v.2  |i 4957148  |o 850.9 PED 1940  |p 4957148  |r 2024-01-25  |w 2019-11-22  |y BK  |k LIT